| 000 | 00416nam a2200169Ia 4500 | ||
|---|---|---|---|
| 008 | 230524s9999 xx 000 0 und d | ||
| 020 | _a0070665842 | ||
| 082 |
_a621.31981 _bSTE |
||
| 100 | _aWilliam D.Stevenson | ||
| 245 | 0 | _aElements of Power System Analysis | |
| 250 | _a4th | ||
| 260 |
_aNEW DELHI _bMGH _c2006 |
||
| 300 | _aI9X;431 | ||
| 500 | _aQuantity Number: 26 | ||
| 650 | _aElectrical | ||
| 942 | _cBK | ||
| 999 |
_c36333 _d36333 |
||